| 000 | 01304nam a2200241 a 4500 | ||
|---|---|---|---|
| 008 | 090709s2005 ||||||||||||||||| || u | ||
| 020 | _a9780073311814 | ||
| 050 | _aQA 154.3 Bar | ||
| 100 | _aZiegler, Michael R | ||
| 245 | 1 | 0 |
_aCollege algebra with trigonometry: graphs and models _cRaymond A. Barnett; Michael R. Ziegler; Karl E. Byleen |
| 260 |
_aNew York: _bMcGraw-Hill _c2005 |
||
| 300 | _a930 [158]p.: ill. | ||
| 350 | _a0.00 | ||
| 650 | _aTEXTBOOKS | ||
| 650 | _aTRIGOMETRY | ||
| 650 | 0 | _aMATHEMATICS--HANDBOOKS, MANUALS, ETC | |
| 700 | _aBanett, Raymond A | ||
| 700 | _aByleen, Karl E | ||
| 995 |
_aMAIN LIBRARY OPEN ACCESS _D0.00 _e740287 _FCBU-MAIN LIBRARY (Kitwe) _H1 _I0.00 _jQA 154.3 BAR _M3 _UAVAILABLE _WAug 26, 2009 _y740287 _ZMain Library Open Access Collection |
||
| 995 |
_aANNEX COLLECTION (Main Library) _D0.00 _e740285 _FCBU-MAIN LIBRARY (Kitwe) _H1 _I0.00 _jQA 154.3 BAR _M1 _UAVAILABLE _WAug 26, 2009 _y740285 _ZAnnex Low-Usage Collection |
||
| 995 |
_aMAIN LIBRARY OPEN ACCESS _D0.00 _e740288 _FCBU-MAIN LIBRARY (Kitwe) _H1 _I0.00 _jQA 154.3 BAR _M4 _UAVAILABLE _WAug 26, 2009 _y740288 _ZMain Library Open Access Collection |
||
| 995 |
_aANNEX COLLECTION (Main Library) _D0.00 _e740286 _FCBU-MAIN LIBRARY (Kitwe) _H1 _I0.00 _jQA 154.3 BAR _M2 _UAVAILABLE _WAug 26, 2009 _y740286 _ZAnnex Low-Usage Collection |
||
| 999 |
_c79456 _d79456 |
||